000 00558nam a22001697a 4500
003 OSt
005 20171010095456.0
008 120705t xxu||||| |||| 00| 0 eng d
040 _aMMSU
_cULS
100 _aJoble, Evelyn B.
_910979
245 _aAttitudes and practices of mothers on children's sex education
_cEvelyn B. Joble
260 _c2008
300 _axiii, 60 leaves
_c28 cm.
500 _aThesis (AB Sociology) -- Mariano Marcos State University-College of Arts & Sciences, Batac City
504 _aBibliography: leaf 47
942 _2ddc
_cTHEDIS
999 _c9623
_d9623